Guide to heart care/ (Record no. 176485)

MARC details
000 -LEADER
fixed length control field 00544nam a22001937a 4500
005 - DATE AND TIME OF LATEST TRANSACTION
control field 20210102150253.0
008 - FIXED-LENGTH DATA ELEMENTS--GENERAL INFORMATION
fixed length control field 210102b ||||| |||| 00| 0 eng d
010 ## - LCCN (DPL NO)
LC control number B-161765
020 ## - INTERNATIONAL STANDARD BOOK NUMBER
International Standard Book Number 8189093789
Terms of availability 95.00
035 ## - SYSTEM CONTROL NUMBER
System control number B-161765
082 ## - DEWEY DECIMAL CLASSIFICATION NUMBER
Classification number 616.12
Item number RAM
100 ## - MAIN ENTRY--PERSONAL NAME
Personal name Ramdass
245 ## - TITLE STATEMENT
Title Guide to heart care/
Statement of responsibility, etc by Ramdass
260 ## - PUBLICATION, DISTRIBUTION, ETC. (IMPRINT)
Place of publication, distribution, etc New Delhi
Name of publisher, distributor, etc Lotus Press
Date of publication, distribution, etc 2005
270 ## - ADDRESS
Address 4263/3, Ansari Road, Darya Ganj,
City New Delhi
State or province 110002
300 ## - PHYSICAL DESCRIPTION
Extent vi,210p.
Dimensions 22cm
942 ## - ADDED ENTRY ELEMENTS (KOHA)
Source of classification or shelving scheme Dewey Decimal Classification
Item type English Books
Classification part 616.12
Call number suffix RAM
Holdings
Withdrawn status Lost status Source of classification or shelving scheme Damaged status Not for loan Home library Current library Date acquired Cost, normal purchase price Total Checkouts Full call number Barcode Date last seen Cost, replacement price Koha item type
    Dewey Decimal Classification     Sarojini Nagar Sarojini Nagar 02/01/2021 95.00   616.12 RAM B-161765 02/01/2021 95.00 English Books

© Delhi Public Library
Hit Counter
free hit counter